Fighter aircraft : featuring photographs from the imperial war museum

Bibliographic Details
Main Author: Crosby, Francis
Corporate Author: Imperial War Museum (Great Britain)
Format: Book
Published: London : Hermes House , 2007
Subjects:

MARC

LEADER 00000cam a2200000 7i4500
001 0000130306
005 20090717.0
020 |a 1844770648 
020 |a 9781844770649 
090 0 0 |a 623.7464   |b CRO 
100 1 |a Crosby, Francis 
245 1 0 |a Fighter aircraft :   |b featuring photographs from the imperial war museum   |c Francis Crosby 
260 |a London :   |b Hermes House ,   |c 2007 
300 |a 256p. ;   |c 31cm. 
650 0 0 |a Fighter planes   |x History 
710 1 |a Imperial War Museum (Great Britain) 
999 |a 00223459   |b BUKU   |c PINJAMAN   |e PERPUSTAKAAN KOMUNITI PETALING JAYA